UM Logo

Fundamental philosophies of education/ (Record no. 2284)

MARC details
000 -LEADER
fixed length control field 00568nam a22001697a 4500
008 - FIXED-LENGTH DATA ELEMENTS--GENERAL INFORMATION
fixed length control field 160504b xxu||||| |||| 00| 0 eng d
020 ## - INTERNATIONAL STANDARD BOOK NUMBER
International Standard Book Number 971-08-6943-4
082 ## - DEWEY DECIMAL CLASSIFICATION NUMBER
Edition number 2009
Classification number DFil 370.1
Item number B32f
100 ## - MAIN ENTRY--PERSONAL NAME
9 (RLIN) 7485
Personal name Bauzon, Prisciliano T.
245 ## - TITLE STATEMENT
Title Fundamental philosophies of education/
Statement of responsibility, etc. Prisciliano T. Bauzon.
250 ## - EDITION STATEMENT
Edition statement Third edition.
260 ## - PUBLICATION, DISTRIBUTION, ETC. (IMPRINT)
Place of publication, distribution, etc. Mandaluyong City:
Name of publisher, distributor, etc. National Book Store,
Date of publication, distribution, etc. c2009.
300 ## - PHYSICAL DESCRIPTION
Extent xvi, 192 pages;
Dimensions 22 cm.
500 ## - GENERAL NOTE
General note Includes bibliographical references and index.
650 #0 - SUBJECT ADDED ENTRY--TOPICAL TERM
9 (RLIN) 7486
Topical term or geographic name as entry element Education
General subdivision Philosophy.
942 ## - ADDED ENTRY ELEMENTS (KOHA)
Source of classification or shelving scheme Dewey Decimal Classification
Koha item type Reserve
Holdings
Withdrawn status Lost status Source of classification or shelving scheme Damaged status Not for loan Collection code Home library Current library Date acquired Source of acquisition Total Checkouts Full call number Barcode Date last seen Date last checked out Cost, replacement price Price effective from Koha item type
    Dewey Decimal Classification     Filipiniana UM Digos College - LIC UM Digos College - LIC 09/24/2010 Purchased 4 DFil 370.1 B32f 2009 21187 05/15/2025 07/23/2018 445.00 05/04/2016 Filipiniana